000 01026nas a2200325 4500
001 BR2011005489
003 BR-BrBNA
005 20231205115120.0
007 ta
008 230509b bl.|||p| |||| 00| 00por d
040 _aBR-BrBNA
_bpor
_cBiblioteca Nacional de Agricultura
041 _a(Pt)
072 _aL72
100 1 _aBellato, V.
100 1 _aSouza, A.P. de
100 1 _aSartor, A.A.
100 1 _aVeiga, L.P.H.N.
100 1 _aCentenaro, F.
245 1 _aOcorrência de Fasciola hepatica na população de capivaras (Hydrochaeris hidrochaeris)e em bovinos (Bos taurus)no município de Timbó, SC
650 _aBOVINO
650 _aCAPIVARA
650 _aFASCIOLA HEPÁTICA
650 _aPARASITO DE ANIMAL
650 _aPARASITOLOGIA
650 _aFEZES
650 _aANÁLISE DE LABORATÓRIO
773 0 _tRevista de Ciências Agroveterinárias (Brazil)
_xISSN 1676-9732
_g(Jan-Jun 2009), v. 8(1) p. 66-70
_wBR2011005489
909 _a202311
_bLúcia
_c55
_dLúcia Elande
942 _2AGRIS
_n0
_cANA
999 _c212145
_d212145